000 00751nam a2200265Ia 4500
005 20260302115510.0
008 008 260114s9999 xx 000 0 eng d
020 _a9781683935070
037 _aTextbook
040 _aCRL
040 _beng
040 _cCRL
041 _2eng
041 _aeng
084 _qCRL
100 _aLaury Magnus & Walter W. Cannon
_91121818
245 0 _aShakespeare’s Auditory Worlds Hearing and Staging Practices, Then and Now
260 _bBloomsbury
260 _bFairleigh Dickinson University Press
260 _c2020
650 _aLiterary Studies
856 _uhttps://doi.org/10.5040/9781683935070?locatt=label:secondary_bloomsburyCollections
942 _cEBOOK
999 _c1686430
_d1686430